000 00921nam a2200229Ia 4500
003 OSt
005 20220923212702.0
006 a|||||r|||| 00| 0
007 ta
008 220922b |||||||| |||| 00| 0 hin d
024 _a155,252
037 _cTextual
040 _aARTS
_cARTS
_bhin
041 _2hin
_ahin
082 _aO15:1D40x, 152K6
100 _aकालिदास
_9156280
245 0 _aकाव्य* महाकवि कालिदास के सम्पूर्ण काव्यों का सानुवाद संग्रह, अनु और संपा रामप्रताप त्रिपाठी
246 _aKāvya: hinākavi kālidās ke sampūrṇa kāvyoan kā sānuvād sangraha, anu0 aur sanpā0 rāmapratāp tripāṭhī
260 _c1966
942 _hO15:1D40x, 152K6
_cTEXL
_2CC
999 _c310805
_d310805